[Event "Sparkassen Open 2018"]
[Site "Heusenstamm"]
[Date "2018.11.24"]
[Round "4"]
[White "Koellner, Ruben Gideon"]
[Black "Golubka, Petro"]
[Result "0-1"]
[WhiteElo "2238"]
[BlackElo "2461"]
[Annotator "TA"]
[PlyCount "166"]
[EventDate "2018.11.22"]
[EventType "swiss"]
[EventCountry "GER"]
[SourceTitle "playchess.com"]
[Source "ChessBase"]
[SourceQuality "1"]

{[%evp 9,166,56,70,27,40,41,47,26,12,14,25,25,29,30,26,27,29,18,18,15,112,134,141,143,130,146,145,127,130,72,98,43,51,36,59,57,61,-33,-20,-14,-12,-6,0,0,0,-22,-27,-21,-21,-33,-32,-37,-40,-21,0,0,0,0,0,-44,-45,-53,-58,-49,-51,-56,-60,-108,-98,-159,-155,-120,-108,-234,-228,-384,-382,-382,-376,-444,-458,-434,-428,-487,-481,-450,-410,-640,-641,-583,-606,-794,-763,-732,-725,-841,-277,-709,-623,-662,-577,-717,-611,-565,-482,-3701,-3679,-6144,-5097,-5691,-5543,-3552,-4133,-1412,-1184,-1022,-1115,-29967,-2006,-29970,-29971,-29972,-29973,-29972,-29974,-29972,-29975,-29974,-29976,-29974,-29977,-29977,-29978,-29978,-29979,-29979,-29980,-29980,-29980,-29980,-29980,-29980,0,-29980,-29981,-29981,-29982,-29982,0,-8,0,-29982,-29983,-29983,-29984,-29989,-29985,-29987,-29981]} 1. d4 Nf6 2. Nf3 g6 3. Nbd2 c5 4. c3 (4. dxc5 Qa5 5. a3 Qxc5 6. b4 Qc7 7. Bb2 Bg7 8. c4 d6 9. g3 b6 10. Bg2 Bb7 11. O-O O-O 12. Qb3 Nbd7 13. Rfd1 Rac8 {½-½ (39) Xiong,J (2656)-Jones,G (2677) Douglas 2018}) 4... b6 5. e4 {[%cal Be2e4,Be4e5][%mdl 32]} Bg7 $146 ({Predecessor:} 5... Bb7 6. e5 Ne4 7. Nxe4 Bxe4 8. Bc4 e6 9. O-O cxd4 10. cxd4 Bg7 11. Re1 Bxf3 12. Qxf3 {0-1 (69) Patil,A (2066)-Chiku Ratte,O (2300) Las Vegas 2016}) 6. Bd3 {A48: 1 d4 Nf6 2 Nf3 g6: Torre, London and Colle Systems} Ba6 7. Bxa6 Nxa6 8. a3 {White is slightly better.} O-O 9. O-O d5 10. e5 Nd7 11. Re1 Nc7 12. Nf1 Re8 13. Be3 {[%cal Bc1e3,Be3f4,Bf4e5][%mdl 32]} f6 {[%cal Rf6e5]} 14. exf6 Bxf6 (14... exf6 $11 15. Qd2 cxd4 16. Nxd4 Ne5) 15. Bf4 $16 cxd4 16. cxd4 Nf8 17. Be5 Nfe6 18. Rc1 Qd7 19. Qc2 (19. Ne3 $142) 19... Nb5 20. Qa4 (20. Qd3 $16) 20... Rad8 $14 21. Red1 (21. Qb4 {keeps more tension.} Ng5 22. Nxg5 Bxg5 23. f4 Bf6 24. Ne3) 21... Rc8 22. Rxc8 Rxc8 23. Re1 (23. Ne3 $14) 23... Rc4 $15 24. Qd1 Nbxd4 25. Nxd4 Bxe5 ({Avoid the trap} 25... Nxd4 $2 26. Bxf6 exf6 27. Ne3 $18) 26. Rxe5 Rxd4 27. Qe1 Kf7 28. Qe3 Rc4 29. Qf3+ Ke8 30. Qxd5 Qxd5 31. Rxd5 {[%mdl 4096] Endgame KRN-KRN} Rc1 32. g3 $1 Rb1 33. Rd2 $1 Nc5 34. b4 Ne4 35. Rd3 Ra1 36. Kg2 Ra2 37. Rf3 Nd6 38. Rd3 Nc4 39. Rd4 (39. Rc3 $142 Nxa3 40. Ne3) 39... b5 $1 $17 ({But not} 39... Nxa3 40. Ne3 $17) 40. Rh4 h5 41. Re4 (41. g4 $17) 41... Rxa3 $19 42. Ne3 $2 (42. Re1) 42... Nxe3+ 43. fxe3 {KR-KR} Ra2+ 44. Kf3 Rxh2 45. Re5 a6 $1 46. Re6 {[#]} Kf7 $1 {[%cal Rf7e6]} 47. Rxa6 Rb2 48. e4 (48. Ra1 $142) 48... Rxb4 49. Kf4 Rb3 50. Rb6 b4 51. e5 Rb1 52. Kg5 Rg1 $2 (52... b3 {White must now prevent ...b2.} 53. e6+ Kg7) 53. Kf4 $2 {[#]} (53. Kh4) 53... Rf1+ $1 54. Ke4 g5 55. Rh6 {[#]} h4 $1 56. gxh4 Rf4+ 57. Kd5 (57. Ke3 $142 Rxh4 58. Rb6) 57... Rxh4 58. Rb6 {[#]} e6+ $1 59. Kc5 (59. Rxe6 Rd4+) 59... Rf4 60. Rb7+ Kg6 61. Kd6 Kf5 62. Rf7+ Ke4 63. Rb7 g4 (63... Kf3 $142 64. Kxe6 g4 65. Rg7 g3 66. Kd5 g2 67. e6 b3 68. Rxg2 Kxg2 69. e7 b2 70. e8=Q b1=Q 71. Qe2+ Kg3 72. Qe3+ Kg4 73. Qe2+ Rf3 74. Kd6 Qd3+ 75. Qxd3 Rxd3+ 76. Kc5 Kf4 77. Kb5 Rd4 78. Kc6 Ke4 79. Kc7 Kd5 80. Kd7 Re4 81. Kc7 Kc5 82. Kd7 Re5 83. Kc7 Re7+ 84. Kd8 Kd6 85. Kc8 Kc6 86. Kb8 Rh7 87. Ka8 Kb6 88. Kb8 Rh8#) 64. Kxe6 Kf3 65. Kd5 g3 {[%cal Bg4g3,Bg3g2][%mdl 32]} 66. e6 g2 67. Rg7 b3 68. e7 b2 69. e8=Q b1=Q 70. Qh5+ Kf2 71. Rxg2+ Kxg2 72. Qe2+ Kg3 73. Qe3+ Kg4 74. Qe2+ Kg5 75. Qe7+ Kg4 76. Qe2+ $1 Rf3 77. Qg2+ Rg3 78. Qe2+ Kf4 $2 (78... Kh3 {mates} 79. Qe6+ Kg2 80. Qc6 Rg5+ 81. Kd4+ Kg1 82. Ke3 Qe1+ 83. Kd3 Qd1+ 84. Ke4 Qe2+ 85. Kd4 Qd2+ 86. Ke4 Qg2+ 87. Kf4 Qxc6 88. Kxg5 Qe6 89. Kh4 Qg6 90. Kh3 Kf2 91. Kh4 Kf3 92. Kh3 Qh7#) 79. Qf2+ $11 Kg4 80. Qe2+ $1 Kh3 {Black mates.} 81. Qe6+ Kg2 82. Qc6 Qd3+ 83. Ke5+ Rf3 {Accuracy: White = 39%, Black = 69%.} 0-1

[Event "Sparkassen Open 2018"]
[Site "Heusenstamm"]
[Date "2018.11.24"]
[Round "4"]
[White "Schulze, Lara"]
[Black "Andreev, Eduard"]
[Result "1/2-1/2"]
[WhiteElo "2167"]
[BlackElo "2425"]
[Annotator "NA RC"]
[PlyCount "134"]
[EventDate "2018.11.22"]
[EventType "swiss"]
[EventCountry "GER"]
[SourceTitle "playchess.com"]
[Source "ChessBase"]
[SourceQuality "1"]
[TimeControl "40/5400+30:1800+30"]

{[%evp 8,125,34,33,33,5,20,3,19,8,14,19,18,0,23,0,8,24,89,0,9,0,33,21,68,52,91,36,42,2,17,0,70,62,70,27,41,31,43,-47,-30,-34,-22,-114,-100,-143,-145,-140,-149,-180,-97,-97,-33,-37,-35,-82,-43,-86,-74,-81,-86,-81,-25,-44,-6,0,-8,0,0,0,8,0,0,0,0,0,0,0,0,-31,0,-7,0,0,-8,-8,-8,-8,0,-7,0,-8,-8,-8,0,0,0,0,0,32767,0,0,0,0,0,0,0,0,0,0,0,0,-5,0,0,0,-5,0,0,0]} 1. e4 {[%emt 0:00:00]} c5 {[%emt 0:00:00]} 2. Nf3 {[%emt 0:00:00]} d6 {[%emt 0:00:00]} 3. d4 {[%emt 0:00:00]} cxd4 {[%emt 0:00:06]} 4. Nxd4 {[%emt 0:00:00]} Nf6 {[%emt 0:00:05]} 5. Nc3 {[%emt 0:00:00]} a6 {[%emt 0:00:06]} 6. Bc4 {[%emt 0:00:00]} e6 {[%emt 0:04:12]} 7. Bb3 {[%emt 0:00:05]} Nc6 {[%emt 0:01:59]} 8. Be3 {[%emt 0:02:08]} Qc7 {[%emt 0:03:32]} 9. O-O {[%emt 0:05:05]} Na5 {[%emt 0:04:23]} 10. Qf3 {[%emt 0:10:45] LiveBook: 3 Games B88: Sicilian: Sozin Attack} (10. f4 Be7 11. Qf3 O-O 12. f5 Nxb3 13. axb3 Bd7 14. g4 d5 15. exd5 Nxd5 16. Nxd5 exd5 17. c3 Rfe8 18. Bf4 Qb6 19. Qxd5 Bc6 20. Qa5 Qa7 21. b4 {0-1 (30) Kravtsiv,M (2511)-Areshchenko,A (2657) Alushta 2009}) 10... b5 {[%emt 0:06:44]} 11. a3 {[%emt 0:02:10]} Bb7 {[%emt 0:04:57]} 12. Rad1 $146 {[%emt 0:03:24]} ({Predecessor:} 12. Bg5 Nxb3 13. cxb3 Be7 14. Rac1 Qd7 15. Qg3 Rc8 16. f3 O-O 17. Bh6 Ne8 {0-1 (38) Goes,S (2101)-Groetz,H (2405) Leiden 2008}) 12... Nc4 {[%emt 0:13:51] [#]} (12... Nxb3 $11 13. cxb3 (13. Nxb3 Be7 $11) 13... Rc8) 13. Bxc4 {[%emt 0:10:47]} (13. Bg5 $1 $16) 13... Qxc4 {[%emt 0:01:56]} 14. Qg3 {[%emt 0:11:06]} h5 {[%emt 0:17:42]} (14... Bxe4 $11 15. Rfe1 (15. Nxe4 Nxe4 16. Qf4 Nf6 $11) 15... Bb7) 15. Bg5 {[%emt 0:06:58]} Qc5 {[%emt 0:08:02]} 16. Rfe1 {[%emt 0:11:35]} Ng4 {[%emt 0:04:43]} 17. Bc1 {[%emt 0:13:32]} g6 {[%emt 0:11:11]} 18. h3 {[%emt 0:05:00]} Ne5 {[%emt 0:01:20]} 19. f4 {[%emt 0:01:46]} h4 {[%emt 0:01:49]} (19... Nc4 $11) 20. Qf2 {[%emt 0:00:42]} Nc4 {[%emt 0:00:33]} 21. f5 {[%emt 0:03:56]} (21. b3 $5 {[%cal Rb3c4]}) 21... gxf5 {[%emt 0:00:35]} 22. exf5 {[%emt 0:01:45]} e5 {[%emt 0:00:25]} 23. Ne4 {[%emt 0:04:03]} ({White should try} 23. b3 $1 $11 Nxa3 24. Ne4 Bxe4 25. Rxe4) 23... Bxe4 $1 {[%emt 0:01:16]} 24. Rxe4 {[%emt 0:00:07]} d5 {[%emt 0:03:28]} 25. Re2 {[%emt 0:04:00]} O-O-O {[%emt 0:00:36]} 26. Nf3 {[%emt 0:02:06]} Qxf2+ {[%emt 0:01:46]} 27. Kxf2 {[%emt 0:00:01]} f6 {[%emt 0:00:32]} 28. b3 {[%emt 0:01:07]} Nd6 {[%emt 0:01:27]} 29. Rxd5 {[%emt 0:00:48]} Nxf5 {[%emt 0:01:10]} ({Black should play} 29... Ne4+ $1 $17 30. Rxe4 Rxd5) 30. Rxd8+ {[%emt 0:00:36]} Kxd8 {[%emt 0:00:06]} 31. b4 {[%emt 0:00:43]} Kd7 {[%emt 0:01:59]} 32. c4 {[%emt 0:00:50]} bxc4 {[%emt 0:01:15]} 33. Rc2 {[%emt 0:00:09]} e4 {[%emt 0:01:22]} 34. Ng1 {[%emt 0:00:59]} Bd6 {[%emt 0:01:05]} 35. Rxc4 {[%emt 0:00:26]} Bg3+ {[%emt 0:00:24]} 36. Kf1 {[%emt 0:00:30]} Nd6 {[%emt 0:00:23]} 37. Rc5 {[%emt 0:00:28]} Be5 {[%emt 0:01:08]} 38. Ne2 {[%emt 0:00:28]} Rh5 {[%emt 0:01:39]} 39. Ra5 {[%emt 0:00:33]} Rf5+ {[%emt 0:00:37]} 40. Ke1 {[%emt 0:00:37]} Bg3+ {[%emt 0:00:51]} 41. Nxg3 {[%emt 0:30:31]} Rxa5 {[%emt 0:30:07]} 42. bxa5 {[%emt 0:00:25]} hxg3 {[%emt 0:00:05]} 43. h4 {[%emt 0:00:00]} Ke6 {[%emt 0:00:00]} 44. Bf4 {[%emt 0:00:00]} Nc4 {[%emt 0:00:00]} 45. Bxg3 {[%emt 0:00:00]} Nxa5 {[%emt 0:00:00]} 46. Ke2 {[%emt 0:00:00]} Nc4 {[%emt 0:00:00]} 47. a4 {[%emt 0:00:00]} Kf5 {[%emt 0:00:00]} 48. Be1 {[%emt 0:00:00]} Kg4 {[%emt 0:00:00]} 49. a5 {[%emt 0:00:00]} f5 {[%emt 0:00:00]} 50. g3 {[%emt 0:00:00]} Ne5 {[%emt 0:00:00]} 51. Bb4 {[%emt 0:00:00]} Nc6 {[%emt 0:00:00]} ({Of course not} 51... Kxg3 $6 52. Bd6 $16) 52. Be1 {[%emt 0:00:00]} Nd4+ {[%emt 0:00:00]} 53. Kf2 {[%emt 0:00:00]} Ne6 {[%emt 0:00:00]} 54. Ke3 {[%emt 0:00:00]} Ng7 {[%emt 0:00:00]} 55. Ke2 {[%emt 0:00:29]} Nh5 {[%emt 0:00:00]} 56. Bf2 {[%emt 0:02:03]} Kh3 {[%emt 0:00:00]} 57. Be1 {[%emt 0:00:42]} Kg4 {[%emt 0:00:00]} 58. Bf2 {[%emt 0:00:09]} Nf6 {[%emt 0:00:00]} 59. Be1 {[%emt 0:00:33]} Nd5 {[%emt 0:00:00]} 60. Bf2 {[%emt 0:01:19]} Nb4 {[%emt 0:00:00]} 61. Be1 {[%emt 0:00:51]} Nd3 {[%emt 0:00:00]} 62. Bf2 {[%emt 0:00:41]} Nc1+ $11 {[%emt 0:00:00]} 63. Ke3 {[%emt 0:00:21]} Nd3 {[%emt 0:00:00]} 64. Ke2 {[%emt 0:00:08]} Ne5 {[%emt 0:00:00]} 65. Be1 {[%emt 0:00:25]} Nd7 {[%emt 0:00:00]} 66. Bf2 {[%emt 0:00:30]} Nf6 {[%emt 0:00:00]} 67. Be1 {[%emt 0:00:10]} Nh5 {[%emt 0:00:00]} 1/2-1/2

[Event "Sparkassen Open 2018"]
[Site "Heusenstamm"]
[Date "2018.11.24"]
[Round "4"]
[White "Farmani Anosheh, Yasha"]
[Black "Geske, Julian"]
[Result "1/2-1/2"]
[WhiteElo "2127"]
[BlackElo "2382"]
[Annotator "TA"]
[PlyCount "60"]
[EventDate "2018.11.22"]
[EventType "swiss"]
[EventCountry "GER"]
[SourceTitle "playchess.com"]
[Source "ChessBase"]
[SourceQuality "1"]

{[%evp 26,60,14,4,19,10,10,0,0,0,0,0,0,0,0,0,0,0,0,-5,0,0,0,0,0,0,0,-7,-4,-6,-6,-5,45,49,53,71,61]} 1. e4 e5 2. Nf3 Nc6 3. Nc3 Nf6 4. d4 exd4 5. Nxd4 Bb4 6. Nxc6 bxc6 7. Bd3 d5 8. exd5 cxd5 9. O-O O-O 10. h3 {C47: Scotch Four Knights and Four Knights with 4 g3} c6 11. Qf3 Bd6 12. Bf4 Rb8 (12... Be6 13. Rfe1 Bxf4 14. Qxf4 Qb8 15. Qxb8 Raxb8 16. Na4 Nd7 17. b3 c5 {½-½ (35) Nakamura,H (2777)-So,W (2780) Saint Louis 2018}) 13. b3 Be6 14. Rfe1 {LiveBook: 5 Games} Qc7 15. Bxd6 Qxd6 {[#]} 16. Qg3 $146 ({Predecessor:} 16. Ne2 c5 17. Rad1 Qc7 {0-1 (48) Antonio,R (2504)-Sukandar,I (2415) Jakarta 2015}) 16... Qxg3 17. fxg3 c5 18. g4 h6 19. Rad1 Rfd8 20. Bf5 Rd6 21. Ne4 Nxe4 22. Bxe4 Rbd8 23. Bd3 Kf8 24. Kf2 Bc8 25. c3 Rf6+ 26. Kg3 Re6 27. Bf5 Rxe1 28. Rxe1 Be6 29. Bxe6 {Hoping for Bf5.} Re8 $1 {[%mdl 64] [#] Pin} 30. Re5 fxe6 {Accuracy: White = 83%, Black = 76%.} 1/2-1/2

[Event "Sparkassen Open 2018"]
[Site "Heusenstamm"]
[Date "2018.11.24"]
[Round "4"]
[White "Leck, Gerrit"]
[Black "Krastev, Alexander"]
[Result "0-1"]
[WhiteElo "1993"]
[BlackElo "2342"]
[Annotator "TA"]
[PlyCount "140"]
[EventDate "2018.11.22"]
[EventType "swiss"]
[EventCountry "GER"]
[SourceTitle "playchess.com"]
[Source "ChessBase"]
[SourceQuality "1"]

{[%evp 22,140,62,23,93,88,93,93,97,96,98,83,107,99,96,77,120,109,102,42,91,83,106,82,68,54,60,41,58,-53,-45,-168,-92,-138,-123,-123,-27,-50,-12,-15,0,0,0,-15,0,0,0,0,0,0,0,0,0,0,14,-47,6,0,0,0,4,0,0,0,0,-22,-22,-15,-23,-23,-20,-89,-23,-31,-21,-31,-8,-15,0,-18,-2,-121,-66,-65,-65,-79,-63,-64,-67,-237,-172,-277,-256,-279,-263,-274,-287,-289,-276,-708,-668,-685,-694,-691,-704,-686,-676,-649,-662,-566,-467,-852,-693,-980,-845,-2018,-1906,-5097,-5202,-29983,-29983]} 1. e4 c5 2. Nf3 g6 3. d4 cxd4 4. Nxd4 Bg7 5. c4 Nc6 6. Be3 Nf6 {[%cal Bg8f6,Bf6d7,Bd7c5][%mdl 32]} 7. Nc3 d6 8. Be2 Nd7 9. O-O Nc5 10. Rc1 O-O 11. Qd2 Bd7 12. f3 a5 {B38: Sicilian: Maroczy Bind with 5...Bg7 and 7...0-0} (12... Nxd4 $11 13. Bxd4 Bxd4+ 14. Qxd4 Ne6) (12... Nxd4 13. Bxd4 Bxd4+ 14. Qxd4 Bc6 15. b4 Ne6 16. Qe3 a5 17. b5 Bd7 18. f4 Nc5 19. Rcd1 Rc8 20. h4 {1-0 (41) Bu,X (2569)-Cebalo,M (2527) Wijk aan Zee 2003}) 13. Ndb5 $146 ({Predecessor:} 13. b3 a4 14. Nxc6 Bxc6 15. b4 Ne6 16. a3 f5 17. exf5 gxf5 18. f4 Qd7 19. b5 Bxc3 20. Rxc3 {1-0 (45) Pang,T (2353)-Zhang,Y (2000) Jiangmen 2018}) 13... Nb4 14. Rfd1 {aiming for Bxc5.} b6 {White is better.} 15. Bd4 Bxd4+ 16. Qxd4 Rc8 17. Qe3 Nc6 18. h4 Be6 19. f4 f6 20. h5 ({Better is} 20. Rb1 $16) 20... Rf7 21. hxg6 hxg6 22. Kf2 Qf8 23. g4 Rh7 {...Rh2+ is the strong threat.} 24. Rh1 Qg7 25. Nd5 (25. Rxh7 $14 Qxh7 26. Kg2) 25... Kf7 $1 $15 26. Nxb6 (26. Kg2 $15) 26... Rch8 $19 27. Rxh7 Qxh7 28. Rg1 {[#]} Qh4+ (28... Qh2+ $1 $17 29. Rg2 Qh4+ 30. Kf1 Qh1+ 31. Rg1 Qxe4 32. Qxe4 Nxe4) 29. Kf1 $11 Kg7 (29... g5 $5 {[%cal Rg5f4]} 30. f5 Bc8 $15) 30. Nd5 Qh2 31. Nbc3 Rh3 32. Qf2 Bxd5 33. exd5 Nb4 34. Qxh2 Rxh2 35. Rg3 Rh1+ 36. Kg2 Rc1 37. Re3 Kf7 38. Kg3 (38. a3 $11 Nc2 39. Rh3) 38... Rc2 (38... Nc2 $15 39. Rf3 Nd4) 39. a3 Nba6 40. Nd1 a4 41. Kf2 Nb3 42. Rc3 Rd2 43. Ke1 {Threatens to win with Rxb3!} Nac5 44. Re3 f5 45. gxf5 gxf5 46. Bh5+ (46. Rh3 $11) 46... Kf8 (46... Kf6 $17 {Hoping for ...Nd3+.} 47. Be2 Rd4) 47. Be2 Rd4 {[%mdl 1024] Black has compensation.} 48. Rf3 Nd2 49. Rc3 Ndb3 50. Rf3 Nc1 51. Nf2 (51. Ne3 $11 {remains equal.}) 51... Nxe2 (51... Kg7 $17 52. Bf1 Kf6) 52. Kxe2 $15 Rxc4 $17 {[%mdl 4096] Endgame KRN-KRN} 53. Nd1 Rc2+ 54. Ke3 Ne4 55. Nf2 $2 ({White should play} 55. Kd4 $1 $15) 55... Nf6 ({Much less strong is} 55... Rxb2 56. Nxe4 Rb3+ 57. Ke2 $17) 56. Nd3 (56. Nd1 $142) 56... Nxd5+ $19 57. Kd4 e6 58. Rh3 Kg7 59. Rg3+ Kf7 60. Rh3 $2 (60. Rf3) 60... Re2 {[%csl Gf5][%cal Re2e4]} 61. Kc4 Re4+ {[%mdl 64] [#] Double Attack} 62. Kb5 Nxf4 63. Nxf4 Rxf4 {KR-KR} 64. b4 axb3 65. Rxb3 {and the idea a4 leaves White hopeful.} Rf1 66. a4 (66. Kc6 $142 d5 67. Kd6) 66... Ra1 67. Rb4 e5 68. a5 f4 {[%cal Bf5f4,Bf4f3][%mdl 32]} 69. Re4 Ke6 70. a6 f3 {Accuracy: White = 33%, Black = 51%.} 0-1

[Event "Sparkassen Open 2018"]
[Site "Heusenstamm"]
[Date "2018.11.24"]
[Round "5"]
[White "Nikolov, Momchil"]
[Black "Barski, Radoslaw"]
[Result "1-0"]
[WhiteElo "2560"]
[BlackElo "2459"]
[Annotator "TA"]
[PlyCount "117"]
[EventDate "2018.11.22"]
[EventType "swiss"]
[EventCountry "GER"]
[SourceTitle "playchess.com"]
[Source "ChessBase"]
[SourceQuality "1"]

{[%evp 21,117,20,7,2,35,33,44,33,44,39,44,43,42,20,39,25,64,66,57,64,87,78,89,87,87,91,95,90,143,143,155,154,145,154,143,103,100,66,57,9,8,9,9,12,27,0,58,58,87,87,80,-71,-71,-71,-71,-71,-71,-190,-167,-192,-4,-13,8,0,568,562,364,-1137,-1072,-1023,-1008,-5389,-1257,-1594,-1492,-29983,-29984,-29984,-29985,-29982,-5631,-2136,-2520,-1415,-94,-106,-8,-6195,-5982,-5289,-4834,-2108,5057,2253,1798,1317,1191,1016]} 1. d4 Nf6 2. c4 g6 3. Nc3 Bg7 4. e4 d6 5. Nf3 O-O 6. Be2 e5 7. d5 a5 8. Bg5 h6 9. Bh4 g5 10. Bg3 Nh5 11. Nd2 Nf4 12. O-O {E92: King's Indian: Classical: 6 Be2 e5: 7 dxe5, 7 Be3 and Petrosian System without 7...Nbd7} f5 13. exf5 $1 Bxf5 14. Nde4 {White is slightly better.} Na6 15. Bg4 Bg6 16. Re1 b6 {[#]} 17. h3 $146 ({Predecessor:} 17. Bf3 Qd7 18. h4 gxh4 19. Bxh4 Nc5 20. Nxc5 bxc5 {½-½ (80) Ikonnikov,V (2576)-Geurink,J (2345) Netherlands 2014}) 17... Nc5 18. b3 {[%cal Bb2b3,Bb3b4][%mdl 32]} a4 19. b4 $1 {[%cal Rb4c5]} Nxe4 20. Nxe4 a3 21. Rc1 Qe8 22. Bxf4 Rxf4 23. f3 Qa4 24. Qd2 Raf8 (24... Kh7 $142) 25. g3 $16 Rxf3 26. Bxf3 Rxf3 27. Kg2 Rf7 28. Re2 Qd7 29. Rce1 g4 30. Rf2 gxh3+ 31. Kh2 Qg4 $132 {[%mdl 2048] Black is fighting back} 32. Rxf7 Kxf7 33. Qe3 Kg8 (33... h5 $11) 34. Qe2 $14 h5 35. Qxg4 hxg4 $16 {[%mdl 4096] Endgame KRN-KB} 36. Nf2 $2 (36. c5 $1 $16 {is necessary to keep the advantage.}) 36... Bf5 $17 37. Re3 Bh6 $1 {[%cal Rh6e3]} 38. Rxa3 Bd2 $1 39. Rb3 (39. b5 $17) 39... e4 $19 {[%mdl 1024] Black has strong compensation.} 40. Nd1 Bd7 $2 (40... Kf7 $19 41. Ne3 Bxe3 42. Rxe3 Kf6) 41. Ne3 $1 $11 Ba4 42. Ra3 {Black must now prevent Nf1.} Bc1 $2 {[%mdl 8192]} (42... Bd7 $11) 43. Rxa4 $18 Bxe3 {[#] KR-KB} 44. Ra7 $4 {[%mdl 8192]} (44. c5 $1 $18 {[%mdl 512]}) 44... Bg5 $19 45. Ra8+ Kf7 46. Kg1 Be3+ (46... e3 $142 47. Rb8 h2+ $1 {[%mdl 512]} 48. Kxh2 e2 49. Ra8 e1=Q 50. Ra3 Qd2+ 51. Kg1 Qc1+ {[%mdl 64] Double Attack} 52. Kf2 Qxa3 53. Kg1 Qxa2 54. Kh1 Be3 55. b5 Qb1+ 56. Kh2 Qg1#) 47. Kf1 Bd4 {( -> ...h2)} 48. Rc8 e3 49. Rxc7+ Kg6 50. Re7 Be5 (50... h2 $142 51. Re6+ Kh5 52. Kg2 Be5 53. Re7 e2 54. Rh7+ Kg6 55. Kf2 Kxh7 56. a3 h1=Q 57. Kxe2 Qe4+ 58. Kd2 Qxc4 59. b5 Qc3+ 60. Kd1 Bd4 61. a4 Be3 62. Ke2 Qd2+ {[%mdl 64] Double Attack} 63. Kf1 Qf2#) 51. Re6+ Kg5 52. Re7 Bxg3 $2 (52... h2 $19 {and Black stays clearly on top.} 53. Rh7 Bxg3) 53. Rxe3 $17 Bf4 (53... Bh2 $1 $17 {...g3 is the strong threat.} 54. Re8 g3 55. Rg8+ Kf4) 54. Re8 $2 {[%mdl 8192]} (54. Rd3 $11 Kf5 55. Kg1) 54... g3 $1 $19 55. Rg8+ Kf5 56. c5 Ke4 $4 {[%mdl 8192] [#]} (56... dxc5 $19 57. d6 Bxd6) 57. c6 $1 $18 {White is clearly winning.} Kf3 {[#]} 58. Rxg3+ $3 {[%mdl 576] Promotion} Bxg3 (58... Kxg3 59. Kg1) 59. Kg1 {Accuracy: White = 51%, Black = 46%.} 1-0

[Event "Sparkassen Open 2018"]
[Site "Heusenstamm"]
[Date "2018.11.24"]
[Round "5"]
[White "Sadzikowski, Daniel"]
[Black "Schulze, Lara"]
[Result "1-0"]
[WhiteElo "2544"]
[BlackElo "2167"]
[Annotator "RC"]
[PlyCount "45"]
[EventDate "2018.11.22"]
[EventType "swiss"]
[EventCountry "GER"]
[SourceTitle "playchess.com"]
[Source "ChessBase"]
[SourceQuality "1"]
[TimeControl "40/5400+30:1800+30"]

1. Nf3 {[%emt 0:00:00]} Nf6 {[%emt 0:00:00]} 2. c4 {[%emt 0:00:00]} e6 {[%emt 0:00:41]} 3. Nc3 {[%emt 0:00:01]} c5 {[%emt 0:02:22]} 4. g3 {[%emt 0:00:12]} d5 {[%emt 0:01:46]} 5. cxd5 {[%emt 0:00:05]} Nxd5 {[%emt 0:04:52]} 6. Bg2 {[%emt 0:00:05]} Nc6 {[%emt 0:01:13]} 7. O-O {[%emt 0:00:12]} Nc7 {[%emt 0:00:19]} 8. d3 {[%emt 0:16:20]} Be7 {[%emt 0:01:56]} 9. Be3 {[%emt 0:00:02]} O-O {[%emt 0:01:43]} 10. d4 {[%emt 0:11:25]} cxd4 {[%emt 0:08:23]} 11. Nxd4 {[%emt 0:00:03]} Nxd4 {[%emt 0:14:53]} 12. Bxd4 {[%emt 0:03:00]} Na6 {[%emt 0:12:44]} 13. a3 {[%emt 0:10:27]} Bf6 {[%emt 0:05:39]} 14. Bxf6 {[%emt 0:05:10]} Qxf6 {[%emt 0:01:03]} 15. Qb3 {[%emt 0:01:57]} Rb8 {[%emt 0:02:08]} 16. Nb5 {[%emt 0:04:34]} Qe5 {[%emt 0:07:04]} 17. Nxa7 {[%emt 0:08:38]} Bd7 {[%emt 0:07:24]} 18. Rac1 {[%emt 0:07:49]} Qxe2 {[%emt 0:05:13]} 19. Rfd1 {[%emt 0:00:13]} Bc6 {[%emt 0:02:58]} 20. Nxc6 {[%emt 0:00:37]} bxc6 {[%emt 0:00:18]} 21. Qc2 {[%emt 0:00:12]} Qxc2 {[%emt 0:04:37]} 22. Rxc2 {[%emt 0:00:05]} Rb6 {[%emt 0:01:00]} 23. Rxc6 {[%emt 0:01:02]} 1-0